000
00298nam a2200109Ia 4500
008
220204s9999 xx 000 0 und d
082
_a
054.02
_b
MOF.1
100
_a
Moffatt, William G
245
0
_a
Structure and properties of materials. V 1
260
_a
New Delhi
_b
Wiley Eastern
_c
1964
942
_c
BK
999
_c
21068
_d
21068